<?xml version="1.0" encoding="UTF-8"?>
<marc:record xmlns:marc="http://www.loc.gov/MARC21/slim">
   <marc:leader>00000nam a2200000 a 4500</marc:leader>
   <marc:datafield ind1="0" ind2="0" tag="245">
      <marc:subfield code="a">Benjamin Blümchen als Weihnachtsmann</marc:subfield>
   </marc:datafield>
   <marc:datafield ind1=" " ind2="1" tag="264">
      <marc:subfield code="b">Kiddinix Studios</marc:subfield>
   </marc:datafield>
   <marc:datafield ind1="1" ind2=" " tag="520">
      <marc:subfield code="a">Bald ist Weihnachten. Doch Zoodirektor Tierlieb kann seinen Tieren leider keine Geschenke machen. Da erfährt Benjamin zufällig, dass der Kaufhaus-Weihnachtsmann krank geworden ist. Vielleicht kann der liebste Elefant der Welt ihn vertreten? Das macht bestimmt Spaß und dem Zoo kann er auf diese Weise vielleicht auch helfen</marc:subfield>
   </marc:datafield>
   <marc:datafield ind1="3" ind2=" " tag="024">
      <marc:subfield code="a">4251192166739</marc:subfield>
   </marc:datafield>
</marc:record>
